Państwa według jednej podpowiedzi - Statystyki

Ogólne statystyki
  • Ten quiz został rozwiązany 31 razy
  • Średni wynik to 7 z 20
Statystyki odpowiedzi
Podpowiedź Odpowiedź % Poprawnych
Odłączyło się od Sudanu w 2011 roku Sudan Południowy
96%
Jest to najbardziej wysunięte na północ państwo afrykańskie Tunezja
89%
Jest to najmniejsze państwo w Oceanii Nauru
64%
W środku flagi tego państwa znajduje się tarcza Maasai Kenia
61%
Najbardziej zaludnionym miastem w tym państwie jest Lagos Nigeria
61%
W latach 1936-1938 wybuchła wojna między Stanami Zjednoczonymi a tym państwem Meksyk
57%
To państwo w 1910 roku jako pierwsze w Europie utworzyło parki narodowe Szwecja
39%
Jest najbardziej słonecznym państwem wyspiarskim na Karaibach Wschodnich Antigua i Barbuda
29%
W 1917 roku Stany Zjednoczone kupiły od tego państwa Wyspy Dziewicze Dania
29%
Często nazywane jest El Caiman lub El Cocodrilo Kuba
21%
To państwo nie ma armii od 1868 roku Liechtenstein
21%
Mieszkańcy tego państwa nazywają go Sakartvelo Gruzja
18%
Górnictwo diamentowe tego państwa stanowi ważną część PKBi stanowi jego 9% Lesotho
18%
Język tego państwa był jednym z czterech oficjalnych języków ImperiumOsmańskiego Serbia
18%
Walutą tego państwa jest Taka Bangladesz
14%
Około 80% tego państwa leży na wysokości ponad 800 m n.p.m. Słowacja
14%
To państwo jest wiodącym na świecie producentem ziaren kakaowych Wybrzeże kości Słoniowej
14%
To państwo wyspiarskie jest domem dla 1500 gatunków życia morskiego Fidżi
11%
Państwo to jest w kształcie podkowy Republika Zielonego Przylądka
7%
To państwo jest jednym z najstarszych administracji politycznych w Afryce Mauretania
4%
Nie znaleziono quizów pasujących do podanych kryteriów
Rozkład punktacji
Procent ludzi z każdym wynikiem
Percentyl według liczby udzielonych odpowiedzi
Twoja historia wyników
Nie rozwiązałeś tego quizu